000 00743nam a2200217 a 4500
001 000009500
005 20200929161618.0
008 090930s2002 dr a 000 p spa d
040 _aDO-SdBNP
_bspa
_cBNPHU
082 _aRD861.44
_bA774e
100 1 _aArredondo, Simeón,
_d1971-
_924312
245 1 0 _aEcos del tiempo :
_bpoesía /
_cSimeón Arredondo ; prólogo Robert Berroa.
260 _aSanto Domingo :
_bBúho,
_c2002.
300 _a85 p. :
_bil. ;
_c22 cm.
490 1 _aPublicaciones Mir
_v1
500 _aIncluye datos biográficos del autor en la contracubierta
590 _aInventariado, 2018/LP
700 1 2 _aBerroa, Robert,
_epról.
_910541
830 0 _aPublicaciones Mir ;
_n1
_924313
910 _aValidado. Control de calidad MFF
999 _c9260
_d9260